Оптимизация режимов работы промышленной установки Л-35-11/1000 АНХК; Химия и химическая технология в XXI веке

Dettagli Bibliografici
Parent link:Химия и химическая технология в XXI веке.— 2005.— С. 214-215
Autore principale: Бешагина Е. В. Евгения Владимировна
Altri autori: Иванчина Э. Д. Эмилия Дмитриевна (научный руководитель)
Lingua:russo
Pubblicazione: 2005
Soggetti:
Natura: MixedMaterials Capitolo di libro
KOHA link:https://koha.lib.tpu.ru/cgi-bin/koha/opac-detail.pl?biblionumber=138854

MARC

LEADER 00000naa2a2200000 4500
001 138854
005 20240112143833.0
035 |a (RuTPU)RU\TPU\book\150434 
090 |a 138854 
100 |a 20080530d2005 k y0rusy50 ca 
101 0 |a rus 
102 |a RU 
200 1 |a Оптимизация режимов работы промышленной установки Л-35-11/1000 АНХК  |f Е. В. Бешагина  |g науч. рук. Э. Д. Иванчина 
463 1 |0 (RuTPU)RU\TPU\book\118373  |t Химия и химическая технология в XXI веке  |o материалы VI Всероссийской студенческой научно-практической конференции, 11-12 мая 2005 г., Томск  |f Томский политехнический университет; под ред. А. А. Бакибаева  |v С. 214-215  |d 2005  |p 352 с. 
610 1 |a промышленные установки 
610 1 |a оптимизация 
610 1 |a режимы работы 
610 1 |a моторное топливо 
610 1 |a каталитический риформинг 
610 1 |a труды учёных ТПУ 
700 1 |a Бешагина  |b Е. В.  |c химик-технолог  |c доцент Томского политехнического университета, кандидат химических наук  |f 1983-  |g Евгения Владимировна  |3 (RuTPU)RU\TPU\pers\25265  |9 11298 
702 1 |a Иванчина  |b Э. Д.  |c химик  |c профессор Томского политехнического университета, доктор технических наук  |f 1951-  |g Эмилия Дмитриевна  |4 727 
801 1 |a RU  |b 63413507  |c 20080530  |g PSBO 
801 2 |a RU  |b 63413507  |c 20141219  |g RCR 
942 |c BK